Central Library OPAC University of Rajshahi

The revolt / (Record no. 27287)

MARC details
000 -LEADER
fixed length control field 00829nam a2200277 i 4500
001 - CONTROL NUMBER
control field 27287
003 - CONTROL NUMBER IDENTIFIER
rucl marc code BD-RjUL
005 - DATE AND TIME OF LATEST TRANSACTION
control field 20211209051133.0
008 - FIXED-LENGTH DATA ELEMENTS--GENERAL INFORMATION
fixed length control field 140324s1951 enk f 00110aeng d
035 ## - SYSTEM CONTROL NUMBER
System control number (BD-RjUL)27359
040 ## - CATALOGING SOURCE
Original cataloging agency LC
Language of cataloging eng
Transcribing agency LC
Modifying agency BD-RjUL
041 1# - LANGUAGE CODE
Language code of text/sound track or separate title engheb
082 00 - DEWEY DECIMAL CLASSIFICATION NUMBER
Classification number 956.94040924
Edition number 19
Author mark and year BER 1951
100 1# - MAIN ENTRY--PERSONAL NAME
Personal name Begin, Menachem,
Dates associated with a name 1913- .
9 (RLIN) 83759
245 14 - TITLE STATEMENT
Title The revolt /
Statement of responsibility, etc. by Menachem Begin.
260 ## - PUBLICATION, DISTRIBUTION, ETC. (IMPRINT)
Place of publication, distribution, etc. London :
Name of publisher, distributor, etc. W. H. Allen,
Date of publication, distribution, etc. 1951.
300 ## - PHYSICAL DESCRIPTION
Pagination xiii, 386 p., [1] leaf of plates ;
Size 22 cm.
504 ## - BIBLIOGRAPHY, ETC. NOTE
Bibliography, etc Includes index.
600 10 - SUBJECT ADDED ENTRY--PERSONAL NAME
Personal name Begin, Menachem,
Dates associated with a name 1913-
610 20 - SUBJECT ADDED ENTRY--CORPORATE NAME
Corporate name or jurisdiction name as entry element Irgun tsevai leumi.
650 #0 - SUBJECT ADDED ENTRY--TOPICAL TERM
Topical term or geographic name as entry element Prime ministers
Geographic subdivision Israel
General subdivision Biography.
9 (RLIN) 83762
651 #0 - SUBJECT ADDED ENTRY--GEOGRAPHIC NAME
Geographic name Palestine
General subdivision History
Chronological subdivision 1929-1948.
9 (RLIN) 80969
942 ## - ADDED ENTRY ELEMENTS (KOHA)
Source of classification or shelving scheme Dewey Decimal Classification
Koha item type Books
Holdings
Lost status Source of classification or shelving scheme Damaged status Not for loan Collection code Permanent Location Current Location Shelving location Date acquired Source of acquisition Cost, normal purchase price Total Checkouts Full call number Date last seen Copy number Koha item type
  Dewey Decimal Classification   Added to bundle Non-fiction Central Library, University of Rajshahi Central Library, University of Rajshahi Reading Room 08/11/1966 A. I. Quraishi 12.06   956.94040924 BER 1951 24/03/2014 C-1 Books